Mistrzowie Anglii wg liczby tytułów - piłka nożna - Statystyki

Ogólne statystyki
  • Ten quiz został rozwiązany 3 562 razy
  • Średni wynik to 12 z 24
Statystyki odpowiedzi
Liczba tytułów Zespół % Poprawnych
20 Manchester United
100%
9 Manchester City
99%
19 Liverpool
98%
13 Arsenal
96%
6 Chelsea
94%
2 Tottenham
79%
7 Aston Villa
75%
1 Leicester City
65%
1 Nottingham Forest
64%
9 Everton
63%
4 Newcastle
59%
3 Leeds
41%
3 Blackburn Rovers
38%
3 Wolverhampton
34%
6 Sunderland
32%
2 Burnley
25%
2 Derby County
19%
1 Sheffield United
19%
1 Ipswich Town
18%
1 West Bromwich Albion
14%
2 Portsmouth
10%
2 Preston North End
10%
4 Sheffield Wednesday
10%
3 Huddersfield
6%
Nie znaleziono quizów pasujących do podanych kryteriów
Rozkład punktacji
Procent ludzi z każdym wynikiem
Percentyl według liczby udzielonych odpowiedzi
Twoja historia wyników
Nie rozwiązałeś tego quizu